000 nam a22 a 4500
999 _c59232
_d59232
003 BLK
005 20220817105718.0
008 180408b bul|||||r ||||||| ||bul||
010 _aKNG00063318000
040 _aBLK
041 _aBUL
_cBUL
080 _aМатематическо програмиране - Линейно, нелинейно, дискретно, параметрично, стохастично, динамично и др.
_b519.85
_z519.85
100 1 _aДанциг, Джордж
_eпърви автор
_958647
139 _aДанциг, Джордж
_bД 21
245 1 0 _aЛинейно програмиране и неговото приложение
_bМоногр.
_cДжордж Данциг; прев. от рус. Димитър Дичев; предг. от Н. Н. Воробьов.
257 _aDEU
260 _bГеорги Бакалов
_c1973
_fПерник : печ. В. Андреев
_aВарна
300 _a791 с.
_bс черт., табл.
_c23 см
380 _a5
500 _aЗагл. на рус. ез. Линейное программирование, его применения и обобщения. - Ориг. загл. Linear programming and extensions. - Библиогр. с. 750-773. - Предм. показалец
504 _a750-773
650 4 _aЛинейно програмиране
_9264371
653 _aлинейно програмиране
700 1 _aДичев, Димитър
_eпрев. от рус.
_9288805
700 1 _aВоробьов, Н. Н.
_eпредг. от
_9288806
852 _aЦб 71174
_bЦб
856 4 _qpdf
856 4 _qpdf
942 _cKNG
_n0
_s1
944 _aCR
_c13.06.2004
_kЦветанка_Енчева
944 _aED
_c13.08.2015
999 _d59232